प्रह्लाद (Record no. 891577)
[ view plain ]
| 000 -LEADER | |
|---|---|
| fixed length control field | 01027nam a2200265Ia 4500 |
| 003 - CONTROL NUMBER IDENTIFIER | |
| control field | OSt |
| 005 - DATE AND TIME OF LATEST TRANSACTION | |
| control field | 20220930190057.0 |
| 008 - FIXED-LENGTH DATA ELEMENTS--GENERAL INFORMATION | |
| fixed length control field | 220926b |||||||| |||| 00| 0 nep d |
| 037 ## - SOURCE OF ACQUISITION | |
| Terms of availability | Textbook |
| 040 ## - CATALOGING SOURCE | |
| Original cataloging agency | CRL |
| Transcribing agency | CRL |
| Language of cataloging | NEP |
| 041 ## - LANGUAGE CODE | |
| Source of code | NEP |
| Language code of text/sound track or separate title | NEP |
| 100 ## - MAIN ENTRY--PERSONAL NAME | |
| Personal name | सम, बालकृष्ण |
| 245 #0 - TITLE STATEMENT | |
| Title | प्रह्लाद |
| 246 ## - VARYING FORM OF TITLE | |
| Title proper/short title | Chilikā: uड़iyā bhāṣhā kā khaṇḍa kāvya |
| 260 ## - PUBLICATION, DISTRIBUTION, ETC. | |
| Place of publication, distribution, etc. | नई दिल्ली, |
| Name of publisher, distributor, etc. | साहित्य अकादेमी, भारत |
| Date of publication, distribution, etc. | 1974 |
| 300 ## - PHYSICAL DESCRIPTION | |
| Extent | 124पृ0 |
| Dimensions | cm. |
| 700 ## - ADDED ENTRY--PERSONAL NAME | |
| Personal name | अक्षोभ्श्वरी प्रताप, अनु. |
| 9 (RLIN) | 163611 |
| 942 ## - ADDED ENTRY ELEMENTS (KOHA) | |
| Classification part | O1595,2N02,PR, 152L4 |
| Koha item type | Textbook |
| Source of classification or shelving scheme | Colon Classification (CC) |
No items available.
